000 00325 a2200121 4500
020 _a8121919606
082 _a620.112 RAJ
100 _aRajput,R. K.
245 _aEngineering materials
_cR. K. Rajput
250 _aRev. Ed.
260 _aNew Delhi :
_bS Chand and Company
_c2008
300 _axvi, 473p. :
_bill. ;
_c25 cm.
650 _aEngineering materials
999 _c268
_d268